|
|
|
|
| LEADER |
02121nam a2200469 i 4500 |
| 001 |
EBC1345565 |
| 003 |
MiAaPQ |
| 005 |
20200520144314.0 |
| 006 |
m o d | |
| 007 |
cr cnu|||||||| |
| 008 |
140620t19901990gw ob 001 0 ger d |
| 020 |
|
|
|z 9783486645606
|
| 020 |
|
|
|a 9783486703207 (e-book)
|
| 035 |
|
|
|a (MiAaPQ)EBC1345565
|
| 035 |
|
|
|a (Au-PeEL)EBL1345565
|
| 035 |
|
|
|a (CaPaEBR)ebr10880090
|
| 035 |
|
|
|a (CaONFJC)MIL808792
|
| 035 |
|
|
|a (OCoLC)879550000
|
| 040 |
|
|
|a MiAaPQ
|b eng
|e rda
|e pn
|c MiAaPQ
|d MiAaPQ
|
| 043 |
|
|
|a e-fr---
|a e-gx---
|
| 050 |
|
4 |
|a DC417
|b .W555 1990
|
| 082 |
0 |
|
|a 327.44
|2 23
|
| 100 |
1 |
|
|a Wilkens, Andreas,
|e author.
|
| 245 |
1 |
4 |
|a Der unstete Nachbar :
|b Frankreich, die deutsche Ostpolitik und die Berliner Vier-Machte-Verhandlungen 1969-1974 /
|c von Andreas Wilkens.
|
| 264 |
|
1 |
|a Munich, Germany :
|b R. Oldenbourg Verlag,
|c 1990.
|
| 264 |
|
4 |
|c 1990
|
| 300 |
|
|
|a 1 online resource (216 pages).
|
| 336 |
|
|
|a text
|2 rdacontent
|
| 337 |
|
|
|a computer
|2 rdamedia
|
| 338 |
|
|
|a online resource
|2 rdacarrier
|
| 490 |
1 |
|
|a Schriftenreihe der Vierteljahrshefte fur Zeitgeschichte ;
|v Band 60
|
| 504 |
|
|
|a Includes bibliographical references and index.
|
| 588 |
|
|
|a Description based on print version record.
|
| 590 |
|
|
|a Electronic reproduction. Ann Arbor, MI : ProQuest, 2015. Available via World Wide Web. Access may be limited to ProQuest affiliated libraries.
|
| 651 |
|
0 |
|a France
|x Foreign relations
|y 1969-1981.
|
| 651 |
|
0 |
|a France
|x Foreign relations
|z Germany.
|
| 651 |
|
0 |
|a Germany
|x Foreign relations
|z France.
|
| 655 |
|
4 |
|a Electronic books.
|
| 776 |
0 |
8 |
|i Print version:
|a Wilkens, Andreas.
|t Unstete Nachbar : Frankreich, die deutsche Ostpolitik und die Berliner Vier-Machte-Verhandlungen 1969-1974.
|d Munich, Germany : R. Oldenbourg Verlag, c1990
|h 213 pages
|k Schriftenreihe der Vierteljahrshefte fur Zeitgeschichte ; Band 60.
|z 9783486645606
|
| 797 |
2 |
|
|a ProQuest (Firm)
|
| 830 |
|
0 |
|a Schriftenreihe der Vierteljahrshefte fur Zeitgeschichte ;
|v Band 60.
|
| 856 |
4 |
0 |
|u https://ebookcentral.proquest.com/lib/matrademy/detail.action?docID=1345565
|z Click to View
|